000 00557nam a22002057a 4500
005 20250227045918.0
008 250227b |||||||| |||| 00| 0 eng d
020 _a9789393805003
040 _aIN-DiNC
_cIN-DiNC
041 _dasm
082 _a809
_bBIS
245 _aBishwa sahityar parichay (DSE 3)/
_ced. by Karabi Gogoi and Dipali Gogoi
250 _a2nd ed.
260 _aDibrugarh:
_bBanalata,
_c2023.
300 _a112p.
650 _aWorld literature
700 _aGogoi, Karabi
_eEditor
700 _aGogoi, Dipali
_eEditor
942 _2ddc
_cBK
999 _c12066
_d12066